[Event "5th ch-EURw"]
[Site "Dresden GER"]
[Date "2004.03.23"]
[Round "3"]
[White "Radziewicz,I"]
[Black "Mamedjarova,T"]
[Result "1-0"]
[WhiteElo "2442"]
[BlackElo "2229"]

1.Nf3 d5 2.c4 e6 3.d4 Nf6 4.Nc3 Be7 5.Bf4 c6 6.e3 O-O 7.Qc2 Nbd7 8.a3 b6
9.cxd5 exd5 10.Bd3 h6 11.h3 Bb7 12.Qe2 c5 13.Ba6 Bxa6 14.Qxa6 Qc8 15.Qxc8 Raxc8
16.g4 cxd4 17.Nxd4 Nc5 18.Ke2 Ne6 19.Kf3 Bc5 20.Nf5 Nxf4 21.Kxf4 Rfd8 22.Rhd1 Bf8
23.Kf3 Rd7 24.Rd3 g6 25.Ng3 Bg7 26.Rad1 Rcd8 27.Kg2 Kf8 28.b3 Ne8 29.Nxd5 Nc7
30.Nb4 Rxd3 31.Rxd3 Rxd3 32.Nxd3 Nb5 33.a4 Nd6 34.Kf3 Ke7 35.Ne4 Nb7 36.Nd2 Na5
37.b4 Nc6 38.Nc4 Bc3 39.b5 Nd8 40.Ke4 Ke6 41.Nf4+ Kd7 42.Kd5 Nb7 43.Nd3 f6
44.e4 Nd8 45.e5 Ne6 46.exf6 Nc7+ 47.Ke4 Bxf6 48.Nde5+ Bxe5 49.Nxe5+ Kd6 50.Nxg6 a6
51.Ne5 axb5 52.axb5 Nxb5 53.Nf7+ Ke6 54.Nxh6 Nc3+ 55.Kd4 Nd5 56.Nf5 Nf4 57.h4 Ng6
58.Ke4 Nf8 59.g5 Nd7 60.Nd4+ Kf7 61.Kf5 Nc5 62.h5 Nd3 63.f4 Ne1 64.h6 Ng2
65.g6+ Kg8 66.h7+ Kh8  1-0

[Event "20th Spring Festival"]
[Site "Budapest HUN"]
[Date "2004.03.24"]
[Round "6"]
[White "Szabo,Ba"]
[Black "Wolter,M"]
[Result "1-0"]
[WhiteElo "2151"]
[BlackElo "2210"]

1.d4 d5 2.c4 e6 3.Nc3 Be7 4.Nf3 Nf6 5.Bf4 O-O 6.e3 Nbd7 7.Be2 c5 8.dxc5 Nxc5
9.cxd5 Nxd5 10.Nxd5 exd5 11.Be5 Bf6 12.Bxf6 Qxf6 13.Qd4 Qxd4 14.Nxd4 Be6
15.O-O Na4 16.Rab1 a6 17.Rfd1 Rac8 18.Rd2 Rc7 19.Bd1 b5 20.Bxa4 bxa4 21.f3 Rb8
22.a3 Kf8 23.Kf2 Rc5 24.Rbd1 Rb7 25.Re1 Bd7 26.h4 h5 27.Kg3 f6 28.Kf4 Kf7
29.Ree2 Bb5 30.Rf2 g6 31.Rc2 Bc4 32.Ne2 Rbc7 33.Nc3 Bb3 34.Rcd2 Rc4+ 35.Kg3 Rxc3
36.bxc3 Rxc3 37.Kf4 Bc4 38.Rd4 g5+ 39.hxg5 fxg5+ 40.Kxg5 Rxe3 41.Rb2 Rxa3
42.Rb6 Rb3 43.Rf4+ Ke7 44.Rh6  1-0

[Event "14th Asian Cities"]
[Site "Tagaytay City PHI"]
[Date "2004.03.24"]
[Round "5"]
[White "Roghani,A"]
[Black "Fariz,S"]
[Result "1/2-1/2"]
[WhiteElo "2291"]
[BlackElo "2043"]

1.d4 d5 2.c4 e6 3.Nc3 Nf6 4.Nf3 Be7 5.Bf4 O-O 6.e3 b6 7.cxd5 exd5 8.Bd3 Bb7
9.O-O c5 10.Rc1 Nbd7 11.h3 Ne4 12.Ne5 Nxe5 13.Bxe5 Bg5 14.dxc5 Nxc5 15.Bb1 Qe7
16.Bd4 Rad8 17.Qc2 g6 18.Rfd1 Rfe8 19.a3 Ne6 20.Ne2 Ba6 21.Ba2 Bxe2 22.Qxe2 Nxd4
23.Rxd4 Bf6 24.Rxd5 Rxd5 25.Bxd5 Qe5 26.Qc4 Re7 27.b3 Qd6 28.a4 Kg7 29.e4 Be5
30.Qe2 Bd4 31.Qd3 Bxf2+ 32.Kh1 Bc5 33.Qc3+ Qe5 34.Qxe5+ Rxe5  1/2-1/2

[Event "It"]
[Site "Pinamar ARG"]
[Date "2004.03.25"]
[Round "2"]
[White "Marques,V"]
[Black "Garcia Palermo,C"]
[Result "1-0"]
[WhiteElo "2403"]
[BlackElo "2443"]

1.d4 d5 2.c4 e6 3.Nf3 Nf6 4.Nc3 Be7 5.Bf4 O-O 6.e3 Nbd7 7.c5 Nh5 8.Bd3 Nxf4
9.exf4 c6 10.Qc2 f5 11.O-O b5 12.Rfe1 Nf6 13.b4 a5 14.bxa5 Qxa5 15.Bxf5 exf5
16.Rxe7 b4 17.Ne2 Ne4 18.Ne5 Ba6 19.f3 b3 20.Qxb3 Bxe2 21.fxe4 Qd2 22.Rb1 Rae8
23.Rxe8 Qxd4+ 24.Kh1 Rxe8 25.exd5 cxd5 26.Qb7 Bh5 27.c6 Qc5 28.Qd7 g5 29.Qxf5 Bg6
30.Qxg5 d4 31.Nxg6 Qxg5 32.fxg5 d3 33.c7  1-0

[Event "5th Karpov"]
[Site "Poikovsky RUS"]
[Date "2004.03.25"]
[Round "8"]
[White "Sokolov,I"]
[Black "Onischuk,Al"]
[Result "1-0"]
[WhiteElo "2706"]
[BlackElo "2652"]

1.d4 Nf6 2.c4 e6 3.Nf3 d5 4.Nc3 Be7 5.Bf4 O-O 6.e3 c5 7.dxc5 Bxc5 8.Qc2 Nc6
9.Rd1 Qa5 10.Be2 dxc4 11.Bxc4 b6 12.O-O Ba6 13.Bxa6 Qxa6 14.Ne4 Ne7 15.Nxf6+ gxf6
16.Qc3 e5 17.Bh6 Rfd8 18.Nxe5 Rxd1 19.Rxd1 Qa4 20.b3 Qh4 21.Nd7 Qxh6 22.b4 Bxe3
23.Nxf6+ Kh8 24.Ng4+ Qg7 25.Qxg7+ Kxg7 26.Nxe3 b5 27.g4 a5 28.bxa5 Rxa5 29.Rd2 h5
30.Rd7 Ng6 31.gxh5 Nh4 32.h6+ Kxh6 33.Rxf7 Rxa2 34.h3 Kg6 35.Rf4 Ra4 36.Rf8 Kg5
37.Kh2 Rf4 38.Rg8+ Kh5 39.Ng4 b4 40.Rb8 Nf5 41.Rb5 Kg6 42.Kg2 Re4 43.Ne5+ Kf6
44.Nd7+ Ke7 45.Nb8 Kf6 46.Nc6 Nh4+ 47.Kh2 Re2 48.Rxb4 Kg5 49.Rg4+ Kh5 50.Rf4 Kg5
51.Rf7 Re4 52.Rg7+ Kh5 53.Re7 Rf4 54.Re5+ Kg6 55.Re2 Kg5 56.Nd8 Kf5 57.Ne6 Rb4
58.Kg3  1-0

[Event "Bundesliga 2003-4"]
[Site "Hamburg GER"]
[Date "2004.03.27"]
[Round "12"]
[White "Gustafsson,J"]
[Black "Kasimdzhanov,R"]
[Result "1/2-1/2"]
[WhiteElo "2572"]
[BlackElo "2652"]

1.Nf3 d5 2.d4 Nf6 3.c4 e6 4.Nc3 Be7 5.Bf4 O-O 6.e3 c5 7.dxc5 Bxc5 8.cxd5 Nxd5
9.Nxd5 exd5 10.a3 Nc6 11.Bd3 Bb6 12.O-O d4 13.exd4 Nxd4 14.Be5 Nc6 15.Bc3 Bg4
16.h3 Bh5 17.Be4 Re8 18.Qc2 Bg6 19.Bxg6 hxg6 20.Rad1 Qe7 21.Rd2 Rad8 22.Rfd1 Rxd2
23.Rxd2 Rd8 24.Qd1 Rxd2 25.Qxd2 f6 26.Qd5+ Qf7 27.Qe4 g5 28.h4 gxh4 29.Nxh4 Qd7
30.Qc4+ Qf7 31.Qe4 Qd7  1/2-1/2

[Event "30th ch-BAN"]
[Site "Dhaka BAN"]
[Date "2004.04.01"]
[Round "5"]
[White "Abdul,Mal"]
[Black "Reefat,S"]
[Result "0-1"]
[WhiteElo "2250"]
[BlackElo "2459"]

1.d4 d5 2.c4 e6 3.Nf3 Nf6 4.Nc3 Be7 5.Bf4 O-O 6.e3 Nbd7 7.cxd5 Nxd5 8.Nxd5 exd5
9.Bd3 c5 10.O-O c4 11.Bb1 b5 12.Qc2 g6 13.a4 b4 14.a5 Ba6 15.Re1 b3 16.Qd2 f5
17.Ne5 Qc8 18.f3 Nxe5 19.Bxe5 Qb7 20.Qf2 Bb4 21.Rc1 Rac8 22.Rc3 Qe7 23.f4 Rc6
24.Qf3 Rd8 25.Qg3 Bc8 26.Ra4 Ra6 27.h4 Bd7 28.Ra1 h5 29.Kh2 Kh7 30.Kh3 Rxa5
31.Rxa5 Bxa5 32.Rc1 Re8 33.Qf3 Bd8 34.g3 Be6 35.Qf2 a5 36.Kg2 a4 37.Rh1 Kh6
38.g4 hxg4 39.Kg3 a3 40.Qh2 Kh5 41.Qe2 a2 42.e4 Qxh4+  0-1

[Event "12th Sigeman & Co"]
[Site "Malmoe/Copenhagen SWE"]
[Date "2004.04.01"]
[Round "2"]
[White "Nielsen,PH"]
[Black "Beliavsky,A"]
[Result "1-0"]
[WhiteElo "2628"]
[BlackElo "2667"]

1.Nf3 Nf6 2.c4 e6 3.Nc3 d5 4.d4 Be7 5.Bf4 O-O 6.e3 c5 7.dxc5 Bxc5 8.a3 Nc6
9.Rc1 d4 10.exd4 Nxd4 11.b4 Nxf3+ 12.Qxf3 Bd4 13.Nb5 e5 14.Bg5 e4 15.Qg3 h6
16.Rd1 hxg5 17.Rxd4 Bd7 18.Be2 a5 19.O-O axb4 20.axb4 Ra2 21.Qb3 Qa8 22.Nc3 Ra3
23.Qb2 Re8 24.Rfd1 Bf5 25.Qc1 e3 26.fxe3 Rb3 27.Rf1 Bg6 28.c5 Qa3 29.Qxa3 Rxa3
30.Nb5 Raxe3 31.Bf3 Ne4 32.Rd7 Rb3 33.Rxb7 Rxb4 34.c6 Nc5 35.Nd6 Nxb7 36.Nxe8 Na5
37.c7 Rc4 38.Ra1 Kf8 39.Nd6 Rxc7 40.Rxa5 Ke7 41.Nf5+ Bxf5 42.Rxf5 f6 43.Rb5 Rc1+
44.Kf2 g6 45.Rb7+ Kf8 46.Ke3 Kg8 47.Bd5+ Kh8 48.Kd4 g4 49.Rf7 Rf1 50.Kc5 f5
51.Kd6 f4 52.Ke5 f3 53.g3 Rd1 54.Be6 Re1+ 55.Kd6 Rd1+ 56.Kc5  1-0

[Event "ch-ISL"]
[Site "Reykjavik ISL"]
[Date "2004.04.01"]
[Round "1.1"]
[White "Gretarsson,H"]
[Black "Bjornsson,S"]
[Result "1-0"]
[WhiteElo "2504"]
[BlackElo "2337"]

1.d4 Nf6 2.c4 e6 3.Nf3 d5 4.Nc3 Be7 5.Bf4 O-O 6.e3 c5 7.dxc5 Bxc5 8.Qc2 Qa5
9.a3 Nc6 10.Nd2 Be7 11.Nb3 Qb6 12.Rd1 e5 13.Bg5 Bf5 14.Qxf5 Qxb3 15.Bxf6 Bxf6
16.Nxd5 Bd8 17.Be2 Ba5+ 18.Kf1 Qxb2 19.h4 e4 20.h5 Qe5 21.Qxe5 Nxe5 22.Rh4 f5
23.Ne7+ Kh8 24.Rf4 Bd8 25.Rxf5 Bxe7 26.Rxe5 Bxa3 27.Rd7 b6 28.Rxe4 a5 29.Bf3 Rae8
30.Rxe8 Rxe8 31.Bd5 Bc5 32.Ra7 g6 33.g4 gxh5 34.g5 Be7 35.Bf7  1-0

[Event "TCh-FRA Nat1 GpB"]
[Site "Montpellier FRA"]
[Date "2004.04.02"]
[Round "5"]
[White "Simonet,M"]
[Black "Moracchini,F"]
[Result "1/2-1/2"]
[WhiteElo "2337"]
[BlackElo "2284"]

1.d4 d5 2.c4 e6 3.Nc3 Be7 4.Bf4 Nf6 5.Nf3 O-O 6.cxd5 exd5 7.Qc2 Nc6 8.a3 g6
9.e3 Bf5 10.Bd3 Bxd3 11.Qxd3 a6 12.O-O Nb8 13.Bh6 Re8 14.Ne5 Nbd7 15.f4 c6
16.h3 Bf8 17.Bg5 Bg7 18.Rf2 Qc7 19.Rc1 Qd6 20.Rcf1 Nh5 21.Bh4 Bf6 22.Bxf6 Nhxf6
23.f5 g5 24.Nxd7 Qxd7 25.h4  1/2-1/2

[Event "10th Schloss Open"]
[Site "Werther GER"]
[Date "2004.04.02"]
[Round "1"]
[White "Shengelia,D"]
[Black "Gentemann,M"]
[Result "1-0"]
[WhiteElo "2496"]
[BlackElo "2147"]

1.d4 d5 2.Nf3 Nf6 3.c4 e6 4.Nc3 Be7 5.Bf4 O-O 6.e3 b6 7.cxd5 Nxd5 8.Nxd5 exd5
9.Bd3 c5 10.Qc2 h6 11.O-O Nc6 12.Qa4 Bb7 13.Bb5 Qc8 14.dxc5 bxc5 15.Rfd1 Rd8
16.Bf1 Qe6 17.Rac1 Rd7 18.a3 a6 19.Bd3 Rad8 20.Qc2 g6 21.Bxh6 Ne5 22.Nxe5 Qxe5
23.Bf4 Qf6 24.Bg3 d4 25.e4 Kg7 26.Qe2 Rc8 27.Bc4 Rdd8 28.Rd3 Qg5 29.Re1 Bd6
30.Rf3 f5 31.Bxd6 Rxd6 32.Rg3 Qf6  1-0

[Event "TCh-FRA Nat1 GpB"]
[Site "Montpellier FRA"]
[Date "2004.04.04"]
[Round "7"]
[White "Efimov,I"]
[Black "Giffard,N"]
[Result "1-0"]
[WhiteElo "2505"]
[BlackElo "2345"]

1.d4 d5 2.c4 e6 3.Nf3 Be7 4.Nc3 Nf6 5.Bf4 O-O 6.e3 c5 7.dxc5 Bxc5 8.a3 Nc6
9.Qc2 Qa5 10.Rd1 Be7 11.Nd2 e5 12.Bg5 d4 13.Nb3 Qb6 14.Bxf6 Bxf6 15.Nd5 Qd8
16.Bd3 g6 17.exd4 exd4 18.Nxf6+ Qxf6 19.O-O Be6 20.Nc5 b6 21.Nxe6 fxe6 22.Be4 Rac8
23.b3 e5 24.Rd3 Ne7 25.Qd2 Nf5 26.Rf3 Kh8 27.Re1 Qg7 28.Qb4 Rc5 29.Bd5 h5
30.Qd2 Rc7 31.Qg5 Re7 32.h3 h4 33.Re4 Qf6 34.Rxh4+ Kg7 35.Rxf5 Qxg5 36.Rxg5  1-0

[Event "TCh-FRA Nat1 GpB"]
[Site "Montpellier FRA"]
[Date "2004.04.04"]
[Round "7"]
[White "Tregubov,P"]
[Black "Libiszewski,F"]
[Result "1-0"]
[WhiteElo "2628"]
[BlackElo "2451"]

1.d4 d5 2.c4 e6 3.Nf3 Nf6 4.Nc3 Be7 5.Bf4 O-O 6.e3 c5 7.dxc5 Bxc5 8.a3 Nc6
9.Qc2 Qa5 10.Rd1 Be7 11.Nd2 e5 12.Bg5 d4 13.Nb3 Qd8 14.Be2 g6 15.exd4 exd4
16.O-O Bf5 17.Bd3 Be6 18.Ne2 Rc8 19.Nf4 Ng4 20.Nxe6 fxe6 21.Qe2 Bxg5 22.Qxe6+ Kh8
23.Qxg4 Rf4 24.Qe6 Rc7 25.Nc5 Rcf7 26.Qd5 Qxd5 27.cxd5 Ne5 28.Ne6 Nxd3 29.Nxg5 R7f5
30.Nh3 Nxb2 31.Rb1 Nd3 32.Nxf4 Nxf4 33.Rfe1 d3 34.Re3 b6 35.Kf1 Rxd5 36.g3  1-0

[Event "Asian U18b"]
[Site "Tehran IRI"]
[Date "2004.04.05"]
[Round "4"]
[White "Hassan,Ab"]
[Black "Soozankar,A"]
[Result "1-0"]
[WhiteElo "2361"]
[BlackElo "2218"]

1.d4 d5 2.Nf3 Nf6 3.c4 e6 4.Nc3 Be7 5.Bf4 c6 6.e3 Nbd7 7.c5 O-O 8.Bd3 Re8
9.O-O Nf8 10.h3 N6d7 11.Bh2 Bf6 12.e4 dxe4 13.Nxe4 Be7 14.Nd6 Bxd6 15.cxd6 Nf6
16.Re1 Ng6 17.Ne5 Nxe5 18.dxe5 Nd5 19.Qh5 h6 20.Re4 Qg5 21.Qf3 f5 22.exf6 Nxf6
23.Re5 Qd2 24.Re2 Qg5 25.Re5 Qd2 26.Rd1 Qxb2 27.Bg6 Bd7 28.Bxe8 Rxe8 29.Qb3 Qxb3
30.axb3 a6 31.f4 Kf7 32.f5 Nd5 33.fxe6+ Rxe6 34.Rxe6 Bxe6 35.Rf1+ Kg6 36.Rf8 b6
37.Ra8 b5 38.Be5 Nb4 39.Bc3 Na2 40.Ba1 Nb4 41.Bc3 Na2 42.Bb2 Bxb3 43.Rxa6 Bd5
44.Ra7 Nb4 45.Rxg7+ Kf5 46.g4+ Kf4 47.Bc1+ Kg3 48.Bxh6 Kxh3 49.Bd2 Nd3 50.g5 Kg4
51.g6 Ne5 52.Bc3 Nf3+ 53.Kf2 Nh4 54.Bf6 Nf5 55.Rd7 Be6 56.Rc7 Nh6 57.Rxc6 Bc4
58.Rb6 Kf5 59.Bb2 Ng8 60.g7  1-0

[Event "Asian U18b"]
[Site "Tehran IRI"]
[Date "2004.04.06"]
[Round "5"]
[White "Mankeyev,Raua"]
[Black "Hassan,Ab"]
[Result "1/2-1/2"]
[WhiteElo "2262"]
[BlackElo "2361"]

1.d4 e6 2.c4 Nf6 3.Nf3 d5 4.Nc3 Be7 5.Bf4 O-O 6.e3 b6 7.Bd3 Bb7 8.cxd5 exd5
9.O-O c5 10.Ne5 Nc6 11.Rc1 a6 12.Qf3 cxd4 13.Nxc6 Bxc6 14.exd4 Qd7 15.Be5 Qb7
16.Bxf6 Bxf6 17.Qf5 Rfe8 18.Rfe1 Kf8 19.Qxh7 g6 20.Qh6+ Kg8 21.Qf4 Kg7  1/2-1/2

[Event "Cogas Open"]
[Site "Almelo NED"]
[Date "2004.04.10"]
[Round "6"]
[White "Cornelisse,J"]
[Black "Lahaye,R"]
[Result "0-1"]
[WhiteElo "2118"]
[BlackElo "2274"]

1.d4 d5 2.c4 e6 3.Nf3 Nf6 4.Nc3 Be7 5.Bf4 O-O 6.e3 c6 7.Qc2 Nbd7 8.cxd5 exd5
9.Bd3 Re8 10.h3 Nf8 11.O-O Bd6 12.Bxd6 Qxd6 13.Rab1 Be6 14.b4 N8d7 15.Na4 b6
16.Rfc1 Rac8 17.Nd2 g6 18.Rb3 Ne4 19.Nc3 Nxd2 20.Qxd2 b5 21.a4 a6 22.Ra1 Ra8
23.a5 Nf6 24.Ne2 Re7 25.Nc1 h5 26.Rbb1 Kg7 27.Nb3 Rae8 28.Nc5 Bc8 29.Rc1 Nd7
30.Nb3 f5 31.Rc2 Rf8 32.Rac1 Bb7 33.g3 h4 34.gxh4 f4 35.exf4 Rxf4 36.Re1 Ref7
37.Nc5 Nxc5 38.dxc5 Qf6 39.Re3 Rf3 40.Qe2 Bc8 41.Rxf3 Qxf3 42.Qe5+ Kh7 43.Bf1 Bxh3
44.Bxh3 Qd1+ 45.Bf1 Qxc2 46.Qg3 Qc1 47.h5 gxh5 48.Qd3+ Kh6 49.Qd4 Rg7+ 50.Kh2 Qg5  0-1

[Event "6th Foxwoods Open"]
[Site "Connecticut USA"]
[Date "2004.04.11"]
[Round "8"]
[White "Nakamura,H"]
[Black "Goldin,A"]
[Result "1/2-1/2"]
[WhiteElo "2580"]
[BlackElo "2611"]

1.d4 d5 2.c4 e6 3.Nc3 Be7 4.Nf3 Nf6 5.Bf4 c5 6.dxc5 Na6 7.e3 Nxc5 8.Be2 O-O
9.O-O a6 10.cxd5 exd5 11.Rc1 Be6 12.Be5 Rc8 13.Bd4 Nfe4 14.Na4 Nd7 15.Nc3 Ndc5
16.Nxe4 dxe4 17.Nd2 Bxa2 18.b3 Nd3 19.Rxc8 Qxc8 20.Nxe4 Nb4 21.Nc3 f6 22.Bc4+ Kh8
23.Nd5 Nxd5 24.Bxd5 Rd8 25.e4 Qc7 26.Qd2 Rxd5 27.exd5 Bxb3 28.Rc1 Qd7 29.Bc5 Bd8
30.Re1 h6 31.Qe3 Qxd5 32.Be7 Bxe7 33.Qxe7 Ba4 34.h3 Bc6 35.f3 Qd4+ 36.Kh1 Kh7
37.Qf7 Qd5 38.Qf8 Qd3 39.Re7 Qd1+ 40.Kh2 Qd6+ 41.Kh1  1/2-1/2

[Event "77th ch-city"]
[Site "St Petersburg RUS"]
[Date "2004.04.11"]
[Round "11"]
[White "Popov,Val"]
[Black "Matlakov,M"]
[Result "1-0"]
[WhiteElo "2580"]
[BlackElo "2346"]

1.d4 d5 2.c4 e6 3.Nf3 Nf6 4.Nc3 Be7 5.Bf4 O-O 6.e3 c6 7.Qc2 Nbd7 8.Rd1 Re8
9.a3 Nf8 10.h3 Ng6 11.Bh2 Bd6 12.Bxd6 Qxd6 13.Bd3 Qe7 14.Ne2 b6 15.O-O Bb7
16.cxd5 cxd5 17.Rc1 Rec8 18.Qa4 a6 19.Bxg6 hxg6 20.Ne5 Qd6 21.f3 Kf8 22.Rc3 Rxc3
23.Nxc3 Rc8 24.Qb3 Ke7 25.Na4 b5 26.Nc3 Nd7 27.Nxd7 Kxd7 28.Ne2 Rc4 29.Nf4 g5
30.Nd3 Ke7 31.Nc5 Bc8 32.Qd3 b4 33.Qd2 a5 34.b3 Rc3 35.axb4 axb4 36.Ra1 f5
37.Ra4 Qb8 38.Kf2 Bd7 39.Ra6 Bb5 40.Rxe6+ Kf7 41.Re5 Rxc5 42.Rxf5+ Kg6 43.e4 Rc7
44.Qxg5+ Kh7 45.Rxd5 Be8 46.e5 Qb6 47.Rd6 Qb5 48.Qh4+ Kg8 49.Qd8 Rc1 50.Re6 Rc2+
51.Kg3 Rxg2+ 52.Kxg2 Qe2+ 53.Kg3 Qe1+ 54.Kg2 Qe2+ 55.Kg3 Qe1+ 56.Kg4 Qg1+
57.Kf5 Qb1+ 58.Kf4 Qc1+ 59.Ke4 Qc2+ 60.Kd5  1-0

[Event "ACP Blitz Prelim3"]
[Site "playchess.com INT"]
[Date "2004.04.14"]
[Round "9"]
[White "Landa,K"]
[Black "Sharevich,A"]
[Result "1-0"]
[WhiteElo "2550"]
[BlackElo "2240"]

1.d4 d5 2.c4 e6 3.Nf3 Nf6 4.Nc3 Be7 5.Bf4 O-O 6.e3 c5 7.cxd5 exd5 8.Be2 Nc6
9.O-O h6 10.h3 Be6 11.Rc1 a6 12.dxc5 Bxc5 13.Na4 Ba7 14.Nc5 Bxc5 15.Rxc5 Nd7
16.Rc1 Qe7 17.Nd4 Rac8 18.Qd2 Nxd4 19.Qxd4 Nf6 20.Qb6 Qd7 21.Be5 Ne4 22.b3 Rxc1
23.Rxc1 Rc8 24.Rxc8+ Qxc8 25.f3 Nc3 26.Bxc3 Qxc3 27.Kf2 Qc8 28.a4 Bd7 29.Qd6 Qc6
30.Qxc6 Bxc6 31.Ke1 Kf8 32.Kd2 Ke7 33.Kc3 Kd6 34.a5 Kc5 35.b4+ Kd6 36.Kd4 f6
37.Bd1 Bb5 38.Bb3 Bc6 39.h4 g6 40.g4 f5 41.gxf5 gxf5 42.Ba2 Ke6 43.e4 fxe4
44.fxe4 Kd6 45.Bxd5 Bb5 46.Bxb7 Be2 47.e5+ Ke6 48.Bd5+ Ke7 49.Bc4 Bxc4 50.Kxc4 Ke6
51.Kd4 h5 52.Ke4 Ke7 53.Kd5  1-0

[Event "ACP Blitz Prelim4"]
[Site "playchess.com INT"]
[Date "2004.04.15"]
[Round "6"]
[White "Golod,V"]
[Black "Lputian,S"]
[Result "1/2-1/2"]
[WhiteElo "2552"]
[BlackElo "2634"]

1.d4 e6 2.c4 d5 3.Nf3 Nf6 4.Nc3 Be7 5.Bf4 O-O 6.e3 Nbd7 7.a3 c5 8.dxc5 Nxc5
9.cxd5 Nxd5 10.Nxd5 exd5 11.Be5 Bf6 12.Rc1 Bxe5 13.Nxe5 Ne6 14.Nf3 Qb6 15.Qd2 Rd8
16.Be2 d4 17.exd4 Nxd4 18.Nxd4 Rxd4 19.Qc3 Be6 20.O-O Rc8 21.Qe3 Rcd8 22.b4 g6
23.Rc3 Qd6 24.h3 b6 25.Rfc1 Rd2 26.Bf3 Qd4 27.Qxd4 R8xd4 28.R1c2 Rxc2 29.Rxc2 a5
30.bxa5 bxa5 31.Rc3 Rd2 32.g4 a4 33.Bc6 Bb3 34.Kg2 Kg7 35.Kg3 h6 36.h4 Ra2
37.f3 Kf6 38.Re3 g5 39.hxg5+ hxg5 40.f4 gxf4+ 41.Kxf4 Rxa3 42.Bd5 Kg6 43.g5 Kg7
44.Bc4 Kf8 45.Bd5 Kg7 46.Bc4 f6 47.gxf6+ Kxf6 48.Bd5 Kg7 49.Bc4 Kg6 50.Bd5 Kf6
51.Bc4 Kg7 52.Bd5 Kf8 53.Bc4 Kg7 54.Bd5 Kf8 55.Bc4 Kg7  1/2-1/2

[Event "6th Open"]
[Site "Dubai UAE"]
[Date "2004.04.19"]
[Round "1"]
[White "Mchedlishvili,M"]
[Black "Chokshi,M"]
[Result "1-0"]
[WhiteElo "2543"]
[BlackElo "2223"]

1.d4 Nf6 2.c4 e6 3.Nc3 d5 4.Nf3 Be7 5.Bf4 O-O 6.e3 b6 7.cxd5 exd5 8.Bd3 Re8
9.Ne5 Bb7 10.Qf3 Nbd7 11.Bf5 Nf8 12.O-O-O c5 13.Kb1 Bd6 14.g4 g6 15.Bc2 cxd4
16.exd4 Ne6 17.Rhe1 Nxf4 18.Qxf4 Kg7 19.h4 Rf8 20.h5 a6 21.Rh1 Qe7 22.Rde1 Rae8
23.hxg6 fxg6 24.Qh6+ Kg8 25.Bxg6 Bxe5 26.Rxe5 Nxg4 27.Rxe7  1-0

[Event "TCh-RUS w"]
[Site "Sochi RUS"]
[Date "2004.04.22"]
[Round "3"]
[White "Ubiennykh,E"]
[Black "Sirotkina,N"]
[Result "1-0"]
[WhiteElo "2282"]
[BlackElo "2229"]

1.d4 Nf6 2.c4 e6 3.Nc3 d5 4.Nf3 Be7 5.Bf4 O-O 6.e3 c5 7.dxc5 Bxc5 8.a3 Be7
9.Qc2 Qa5 10.Nd2 Nc6 11.Nb3 Qd8 12.Rd1 e5 13.Nxd5 Nxd5 14.Rxd5 Qc7 15.Bg3 Be6
16.Rd2 f5 17.f3 f4 18.Bf2 fxe3 19.Bxe3 Bh4+ 20.g3 Be7 21.Bd3 Rxf3 22.Bxh7+ Kh8
23.Re2 Raf8 24.Be4 Bf5 25.Bxf5 R3xf5 26.Rf2 Rxf2 27.Bxf2 Nd4 28.Nxd4 exd4
29.O-O Bf6 30.Qd3 Rd8 31.Be1 Bg5 32.Rf5 Qe7 33.Bf2 Kg8 34.Rf3 Bf6 35.h4 Qe6
36.Kg2 b6 37.b3 Qd6 38.g4 Be5 39.Rf5 Rf8 40.Rxf8+ Kxf8 41.Be1 Kg8 42.Bb4 Qc7
43.Qe4 Kh8 44.g5 a5 45.Bd2 Qd6 46.g6 Qb8 47.Bg5 Qd6 48.Qa8+ Qb8 49.Qf3 Kg8
50.Qh5 Qb7+ 51.Kg1 Bf6 52.Qh7+ Kf8 53.Bxf6  1-0

[Event "TCh-RUS w"]
[Site "Sochi RUS"]
[Date "2004.04.26"]
[Round "7"]
[White "Sterliagova,T"]
[Black "Ubiennykh,E"]
[Result "1/2-1/2"]
[WhiteElo "2296"]
[BlackElo "2282"]

1.d4 d5 2.c4 e6 3.Nc3 Nf6 4.Nf3 Be7 5.Bf4 O-O 6.e3 b6 7.Qc2 Bb7 8.cxd5 Nxd5
9.Nxd5 Qxd5 10.Bd3 Bb4+ 11.Ke2 c5 12.a3 Ba5 13.dxc5 bxc5 14.Rhd1 Qh5 15.Kf1 Rc8
16.Be4 Bxe4 17.Qxe4 Nc6 18.Rd7 Bd8 19.Rd6 Ne7 20.Rad1 Bb6 21.Bg5 Nd5 22.Qc4 h6
23.Bh4 g5 24.Bg3 Bc7 25.Rc6 g4 26.Nd2 Bxg3 27.Rxc8+ Rxc8 28.hxg3 Rb8 29.b3 Rd8
30.Qxc5 Qh1+ 31.Ke2 Qxg2 32.Qd4 Rc8 33.Nc4 h5 34.Qe5 Qf3+  1/2-1/2

[Event "6th Open"]
[Site "Dubai UAE"]
[Date "2004.04.27"]
[Round "8"]
[White "Boric,M"]
[Black "Abedi,Al"]
[Result "0-1"]
[WhiteElo "2387"]
[BlackElo "2103"]

1.d4 d5 2.Nf3 Nf6 3.c4 e6 4.Nc3 Be7 5.Bf4 O-O 6.e3 c6 7.Bd3 Nbd7 8.O-O b6
9.cxd5 exd5 10.Rc1 Bb7 11.h3 Re8 12.a3 Rc8 13.Qe2 Nb8 14.Rfd1 Bd6 15.Ne5 Qe7
16.Qf3 Nbd7 17.Nxd7 Nxd7 18.Bf5 Rcd8 19.Bxd6 Qxd6 20.Bxd7 Rxd7 21.Ne2 c5
22.dxc5 bxc5 23.Qf4 Qc6 24.Nd4 Qb6 25.Nf5 Rdd8 26.b4 c4 27.Qd4 Qxd4 28.Nxd4 a6
29.Rd2 g6 30.Ne2 f5 31.Nc3 f4  0-1

[Event "TCh-RUS w"]
[Site "Sochi RUS"]
[Date "2004.04.28"]
[Round "9"]
[White "Khusnutdinova,L"]
[Black "Mkrtchian,L"]
[Result "1/2-1/2"]
[WhiteElo "2233"]
[BlackElo "2387"]

1.d4 Nf6 2.Nf3 d5 3.c4 e6 4.Nc3 Be7 5.Bf4 O-O 6.e3 Nbd7 7.Qc2 c5 8.dxc5 Nxc5
9.Be2 dxc4 10.Bxc4 a6 11.a4 Bd7 12.O-O Qa5 13.Ne5 Rac8 14.Rfd1 Rfd8 15.b4 Qxb4
16.a5 Nb3 17.Rab1 Qxa5 18.Qxb3 b5 19.Nxd7 bxc4 20.Nxf6+ Bxf6 21.Rxd8+ Rxd8
22.Qxc4 Qxc3 23.Qxa6 Qc2 24.Qb5 h5 25.Rf1 g6 26.Bg5 Bxg5 27.Qxg5 Rd5 28.Qf4 Rf5
29.Qd4 e5 30.Qd1 Qb2 31.Qc1 Qe2 32.Qd1 Qb2 33.Qc1 Qe2 34.Qd1 Qb2  1/2-1/2

[Event "Mitropa Cup"]
[Site "Zemplinska Sirava SVK"]
[Date "2004.05.06"]
[Round "9"]
[White "Mikhalchishin,A"]
[Black "Prusikin,M"]
[Result "1/2-1/2"]
[WhiteElo "2527"]
[BlackElo "2518"]

1.Nf3 Nf6 2.c4 e6 3.Nc3 d5 4.d4 Be7 5.Bf4 O-O 6.e3 Nbd7 7.Qc2 c5 8.cxd5 Nxd5
9.Nxd5 exd5 10.Bd3 Qa5+ 11.Nd2 h6 12.dxc5 Nxc5 13.O-O Be6 14.Nb3 Qb6 15.Nxc5 Bxc5
16.Rac1 Rac8 17.Qe2 Be7 18.Be5 Rxc1 19.Rxc1 Rc8 20.Rxc8+ Bxc8  1/2-1/2

[Event "TCh-FRA Nat1 Final"]
[Site "Belfort FRA"]
[Date "2004.05.08"]
[Round "8"]
[White "Kallai,G"]
[Black "Kasimdzhanov,R"]
[Result "1/2-1/2"]
[WhiteElo "2497"]
[BlackElo "2652"]

1.d4 d5 2.c4 e6 3.Nf3 Nf6 4.Nc3 Be7 5.Bf4 O-O 6.e3 Nbd7 7.a3 c5 8.cxd5 Nxd5
9.Nxd5 exd5 10.dxc5 Nxc5 11.Be2 a5 12.O-O a4 13.Rc1 Bf5 14.Bg5 Nb3 15.Bxe7 Qxe7
16.Rc3 Be4 17.Nd4 Nc5 18.Qd2 Kh8 19.Rcc1 b6 20.Rfd1 Qf6 21.Bf1 Bg6 22.Qb4 Ne4
23.Qe1 Rfc8 24.Bb5 Rxc1 25.Rxc1 Nc5 26.Qc3 h6 27.Nc6 Qg5 28.Nd4 Be4 29.Bf1 Rd8
30.Qd2 Rd6 31.f3 Bg6 32.Rc3 Bf5 33.Qf2 Bd7 34.Qd2 h5 35.Bb5 Bxb5 36.Nxb5 Rg6
37.Nd4 h4 38.Qf2 Rf6 39.Qe2 Qh5 40.Rc2 Rg6 41.Rc3 Qe5 42.Qf2 Rh6 43.Qd2 Rd6
44.Qf2 Qf6 45.Qc2 g6 46.Qd2 Rd8 47.h3 Kh7 48.Qf2 Re8 49.Qd2 Kg8  1/2-1/2

[Event "TCh-FRA Nat1 Final"]
[Site "Belfort FRA"]
[Date "2004.05.08"]
[Round "8"]
[White "Kazhgaleyev,M"]
[Black "Payen,A"]
[Result "1-0"]
[WhiteElo "2596"]
[BlackElo "2392"]

1.d4 d5 2.c4 e6 3.Nc3 Nf6 4.Nf3 Be7 5.Bf4 O-O 6.e3 Nbd7 7.Qc2 c5 8.cxd5 Nxd5
9.Nxd5 exd5 10.Bd3 Qa5+ 11.Kf1 Nf6 12.Bg5 h6 13.Bxf6 Bxf6 14.dxc5 Bd7 15.Nd4 Rac8
16.Nb3 Qa4 17.Qd2 g6 18.g3 Bh3+ 19.Ke2 Bg2 20.Rhg1 Qg4+ 21.Ke1 Bf3 22.Be2 Bxe2
23.Qxe2 Qxe2+ 24.Kxe2 Bxb2 25.Rab1 Ba3 26.Rgd1 Bxc5 27.Nxc5 Rxc5 28.Rxb7 Ra5
29.Rd2 Rc8 30.Rd7 Rcc5 31.Rb2 Rc6 32.Kf1 a6 33.g4 g5 34.Rd2 Rcc5 35.Kg2 Kg7
36.Kg3 Rab5 37.h4 gxh4+ 38.Kxh4 Ra5 39.Kg3 Rab5 40.Rd4 Ra5 41.Rf4 Rxa2 42.Rdxf7+  1-0

[Event "TCh-FRA Nat1 Final"]
[Site "Belfort FRA"]
[Date "2004.05.09"]
[Round "9"]
[White "Relange,E"]
[Black "Scherer,He"]
[Result "1-0"]
[WhiteElo "2505"]
[BlackElo "2323"]

1.d4 Nf6 2.Nf3 e6 3.c4 d5 4.Nc3 Be7 5.Bf4 O-O 6.e3 dxc4 7.Bxc4 a6 8.Ne5 Nd5
9.O-O Nxf4 10.exf4 Nc6 11.Nxc6 bxc6 12.Qd3 c5 13.d5 Rb8 14.b3 Bf6 15.Rad1 exd5
16.Bxd5 Bd4 17.Bf3 Qf6 18.Nd5 Qd6 19.g3 Rd8 20.Ne3 a5 21.Be4 g6 22.f5 a4
23.Rfe1 axb3 24.axb3 Ba6 25.Qc2 Qe5 26.fxg6 hxg6 27.Bxg6 Bb7 28.Bd3 Re8 29.Bc4 Qh5
30.Qf5 Re5 31.Qxh5 Rxh5 32.Nc2 Bxf2+ 33.Kxf2 Rxh2+ 34.Kf1 Rxc2 35.Rd7 Rf8
36.Rxc7 Bg2+ 37.Kg1 Bh3 38.Rxc5 Be6 39.Rg5+ Kh8 40.Re4  1-0

[Event "4NCL"]
[Site "West Bromwich ENG"]
[Date "2004.05.23"]
[Round "11"]
[White "Pert,R"]
[Black "Clarke,S"]
[Result "1-0"]
[WhiteElo "2424"]
[BlackElo "2310"]

1.d4 d5 2.c4 e6 3.Nf3 Nf6 4.Nc3 Be7 5.Bf4 c6 6.e3 Nbd7 7.h3 O-O 8.Rc1 b6
9.Bd3 a6 10.cxd5 cxd5 11.O-O Bb7 12.Ne2 Ne8 13.a4 Bb4 14.Qb3 Bd6 15.Rc2 Qe7
16.Rfc1 f6 17.Bxd6 Qxd6 18.Ng3 Kh8 19.e4 Rd8 20.Rd2 Qf4 21.Re1 Nd6 22.Rde2 dxe4
23.Nxe4 Bd5 24.Qb4 Nxe4 25.Bxe4 a5 26.Qb5 Qd6 27.Bxd5 exd5 28.Re6 Qb4 29.Qxb4 axb4
30.Rd6 Kg8 31.Re7 Rf7 32.Rxf7 Kxf7 33.Rxd5 Ke6 34.Rb5 Rc8 35.Rxb4 Rc1+ 36.Kh2 Kd5
37.Rb5+ Kc4 38.b3+ Kc3 39.Rd5  1-0